[Event "NRW-ch U18 Girls"]
[Site "Kranenburg"]
[Date "2009.04.18"]
[Round "7"]
[White "Jansen, Nina"]
[Black "Suarez, Daniela"]
[Result "1-0"]
[WhiteElo "1314"]
[BlackElo "1357"]
[PlyCount "81"]
[EventDate "2009.04.13"]
[EventType "swiss"]
[EventRounds "7"]
[EventCountry "GER"]
[SourceTitle "EXT 2010"]
[Source "ChessBase"]
[SourceDate "2010.11.25"]
[SourceVersion "1"]
[SourceVersionDate "2010.11.25"]
[SourceQuality "1"]

1. e4 e5 2. Nf3 Nc6 3. Bc4 Bc5 4. Nc3 Nf6 5. d3 d6 6. Bg5 h6 7. Bh4 g5 8. Bg3 Bg4 9. h3 Bh5 10. h4 Nd4 11. a3 Nxf3+ 12. gxf3 g4 13. fxg4 Bxg4 14. Qd2 Qd7 15. Ne2 0-0-0 16. 0-0-0 Nh5 17. Rdf1 Bf3 18. Rh2 f5 19. exf5 Qxf5 20. Ng1 e4 21. Nxf3 Qxf3 22. dxe4 Qxe4 23. Bd3 Qe6 24. Kb1 Rdf8 25. Rhh1 Rf6 26. Be2 Ng7 27. h5 Qf7 28. f4 Kb8 29. Bh4 Rf5 30. Bd3 Rxh5 31. Qc3 Re8 32. Bg3 Bb6 33. Re1 Rxh1 34. Rxh1 h5 35. Rf1 Nf5 36. Bxf5 Qxf5 37. Re1 Rg8 38. Ka2 Qg4 39. Qf6 Qxg3 40. Re7 Qg6 41. Qxg6 1-0

[Event "NRW-ch U18 Girls"]
[Site "Kranenburg"]
[Date "2009.04.14"]
[Round "3"]
[White "Aydogan, Uelger"]
[Black "Suarez, Daniela"]
[Result "0-1"]
[WhiteElo "1023"]
[BlackElo "1357"]
[PlyCount "56"]
[EventDate "2009.04.13"]
[EventType "swiss"]
[EventRounds "7"]
[EventCountry "GER"]
[SourceTitle "EXT 2010"]
[Source "ChessBase"]
[SourceDate "2010.11.25"]
[SourceVersion "1"]
[SourceVersionDate "2010.11.25"]
[SourceQuality "1"]

1. c4 Nf6 2. Nc3 e5 3. g3 Bb4 4. Bg2 d6 5. e4 Nc6 6. Nge2 Be6 7. b3 0-0 8. h3 Ne7 9. 0-0 c6 10. f4 exf4 11. Nxf4 d5 12. cxd5 cxd5 13. exd5 Nexd5 14. Bb2 Nxc3 15. Bxc3 Qb6+ 16. Kh2 Bxc3 17. dxc3 Rad8 18. Qf3 Nd5 19. Rae1 Nxf4 20. Qxf4 Qa5 21. Qe5 Qxa2 22. Rf6 Rd2 23. Rg1 gxf6 24. Qxf6 Qa5 25. Qf4 Rfd8 26. Qf3 Qb6 27. Re1 Rf2 28. Rxe6 fxe6 0-1

[Event "NRW-ch U16 Girls"]
[Site "Kranenburg"]
[Date "2007.04.14"]
[Round "7"]
[White "Stroessner, Lena"]
[Black "Suarez, Daniela"]
[Result "1/2-1/2"]
[WhiteElo "1696"]
[BlackElo "1135"]
[PlyCount "52"]
[EventDate "2007.04.09"]
[EventType "swiss"]
[EventRounds "7"]
[EventCountry "GER"]
[SourceTitle "EXT 2008"]
[Source "ChessBase"]
[SourceDate "2007.11.25"]
[SourceVersion "1"]
[SourceVersionDate "2007.11.25"]
[SourceQuality "1"]

1. Nf3 d5 2. d4 Nc6 3. Bf4 Nf6 4. e3 Bg4 5. c4 e6 6. Nc3 Bb4 7. Rc1 Ne4 8. Bd3 0-0 9. 0-0 Bxc3 10. bxc3 Ne7 11. cxd5 exd5 12. c4 c6 13. Qc2 Bxf3 14. gxf3 Nf6 15. Rb1 dxc4 16. Bxc4 Qd7 17. Qb3 b5 18. Be2 Ng6 19. Bg3 Rae8 20. Rfc1 Nd5 21. Qc2 Re6 22. Bf1 Rf6 23. Bg2 Nge7 24. Rb2 Rg6 25. e4 Nb6 26. Qc5 Na4 1/2-1/2

[Event "NRW-ch U16 Girls"]
[Site "Kranenburg"]
[Date "2007.04.10"]
[Round "3"]
[White "Niemeyer, Sarah"]
[Black "Suarez, Daniela"]
[Result "1-0"]
[WhiteElo "1433"]
[BlackElo "1135"]
[PlyCount "73"]
[EventDate "2007.04.09"]
[EventType "swiss"]
[EventRounds "7"]
[EventCountry "GER"]
[SourceTitle "EXT 2008"]
[Source "ChessBase"]
[SourceDate "2007.11.25"]
[SourceVersion "1"]
[SourceVersionDate "2007.11.25"]
[SourceQuality "1"]

1. e4 e5 2. Nf3 Nc6 3. Bb5 d6 4. 0-0 Bg4 5. c3 a6 6. Ba4 b5 7. Bc2 Nf6 8. d3 Be7 9. Re1 0-0 10. Nbd2 d5 11. exd5 Nxd5 12. Ne4 f5 13. Ng3 Nf6 14. h3 f4 15. Ne4 Bh5 16. b3 Qd7 17. Nxf6+ Bxf6 18. Bb2 Rae8 19. Qe2 b4 20. Qe4 bxc3 21. Bxc3 Kh8 22. Rad1 Bxf3 23. Qxf3 Nd4 24. Bxd4 Qxd4 25. Qe4 c5 26. Qf3 Bh4 27. Re4 Qd5 28. Rxf4 Qxf3 29. Rxf3 Rxf3 30. gxf3 Rf8 31. Kg2 Bg5 32. Re1 Re8 33. Re4 Bd2 34. Rc4 Rc8 35. Kf1 Bb4 36. Re4 Re8 37. f4 1-0

[Event "GER-chT U14 Girls"]
[Site "Dittrichshuette"]
[Date "2005.12.27"]
[Round "2.3"]
[White "Suarez, Daniela"]
[Black "Dilz, Jasmin"]
[Result "1/2-1/2"]
[WhiteElo "1177"]
[BlackElo "1233"]
[PlyCount "44"]
[EventDate "2005.12.27"]
[EventType "team-swiss"]
[EventRounds "6"]
[EventCountry "GER"]
[SourceTitle "CBM 110 Extra"]
[Source "ChessBase"]
[SourceDate "2006.03.10"]
[SourceVersion "2"]
[SourceVersionDate "2006.03.10"]
[SourceQuality "1"]
[WhiteTeam "Porz SG U14 Girls"]
[BlackTeam "Stadtilm Blau Weiss U14 Girls"]
[WhiteTeamCountry "GER"]
[BlackTeamCountry "GER"]

1. e4 d5 2. exd5 Qxd5 3. Nc3 Qa5 4. d4 c6 5. Bc4 Nf6 6. Nf3 Bf5 7. Bd2 Qc7 8. Qe2 g6 9. 0-0-0 Bg7 10. h3 b5 11. Bd3 Bxd3 12. Qxd3 0-0 13. d5 b4 14. Ne2 cxd5 15. Bxb4 Nc6 16. Bc3 e6 17. g4 Ne4 18. Qe3 Bxc3 19. Nxc3 Nxc3 20. Qxc3 Qb6 21. Rd2 Rac8 22. a3 f6 1/2-1/2

[Event "NRW U18 op"]
[Site "Olpe"]
[Date "2005.10.04"]
[Round "7.38"]
[White "Suarez, Daniela"]
[Black "Dilger, Jan"]
[Result "0-1"]
[WhiteElo "1184"]
[BlackElo "1299"]
[PlyCount "52"]
[EventDate "2005.10.01"]
[EventType "swiss"]
[EventRounds "7"]
[EventCountry "GER"]
[SourceTitle "CBM 108 Extra"]
[Source "ChessBase"]
[SourceDate "2005.11.04"]
[SourceVersion "1"]
[SourceVersionDate "2005.11.04"]
[SourceQuality "1"]

1. e4 e6 2. d4 d5 3. f3 dxe4 4. f4 c5 5. Bb5+ Bd7 6. Nc3 Bxb5 7. Nxb5 Qa5+ 8. Nc3 cxd4 9. Qxd4 Nc6 10. Qxe4 Bb4 11. Bd2 Nf6 12. Qe3 0-0 13. Nge2 Rfd8 14. Rf1 Nd5 15. Qg3 Rd7 16. a3 Bxc3 17. Nxc3 Nd4 18. Qd3 Nb4 19. axb4 Qxa1+ 20. Nd1 Rad8 21. Rf2 Qa4 22. b3 Qc6 23. c4 Nf5 24. Qc2 Rd3 25. b5 Qe4+ 26. Re2 Nd4 0-1

[Event "NRW U18 op"]
[Site "Olpe"]
[Date "2005.10.02"]
[Round "4.32"]
[White "Suarez, Daniela"]
[Black "Liu, Xing"]
[Result "1/2-1/2"]
[WhiteElo "1184"]
[BlackElo "1468"]
[PlyCount "43"]
[EventDate "2005.10.01"]
[EventType "swiss"]
[EventRounds "7"]
[EventCountry "GER"]
[SourceTitle "CBM 108 Extra"]
[Source "ChessBase"]
[SourceDate "2005.11.04"]
[SourceVersion "1"]
[SourceVersionDate "2005.11.04"]
[SourceQuality "1"]

1. e4 c5 2. Nf3 e6 3. Nc3 Nc6 4. d4 cxd4 5. Nxd4 Bb4 6. Bd2 Nxd4 7. a3 Bxc3 8. Bxc3 Nc6 9. Bxg7 Qa5+ 10. c3 d5 11. b4 Qd8 12. Bb5 Qg5 13. Bxh8 Qxg2 14. Rf1 Qxe4+ 15. Qe2 Qxe2+ 16. Kxe2 f6 17. Rad1 Kf7 18. Rg1 Nge7 19. Rg7+ Kf8 20. Rdg1 Bd7 21. Rxh7 Be8 22. Bxf6 1/2-1/2

[Event "NRW U18 op"]
[Site "Olpe"]
[Date "2005.10.01"]
[Round "2.29"]
[White "Torkaman Abdari, Anousheh"]
[Black "Suarez, Daniela"]
[Result "1-0"]
[WhiteElo "1479"]
[BlackElo "1184"]
[PlyCount "45"]
[EventDate "2005.10.01"]
[EventType "swiss"]
[EventRounds "7"]
[EventCountry "GER"]
[SourceTitle "CBM 108 Extra"]
[Source "ChessBase"]
[SourceDate "2005.11.04"]
[SourceVersion "1"]
[SourceVersionDate "2005.11.04"]
[SourceQuality "1"]

1. d4 d5 2. c4 dxc4 3. e4 e6 4. Bxc4 Nf6 5. Nc3 Bb4 6. f3 Bd7 7. Bg5 h6 8. Bh4 g5 9. Bg3 Bxc3+ 10. bxc3 Bc6 11. Be5 Rg8 12. Nh3 b5 13. Bd3 Nfd7 14. Bg3 Qe7 15. Qb3 a6 16. Bxc7 g4 17. Bg3 gxh3 18. gxh3 Qf6 19. Ke2 e5 20. Rhg1 exd4 21. Bh4 Qxh4 22. Rxg8+ Ke7 23. Qb4+ 1-0

[Event "GER-chT U14 Girls"]
[Site "Dittrichshuette"]
[Date "2004.12.27"]
[Round "2.4"]
[White "Kinzel, Tiffany"]
[Black "Suarez, Daniela"]
[Result "0-1"]
[WhiteElo "945"]
[BlackElo "1118"]
[PlyCount "64"]
[EventDate "2004.12.27"]
[EventType "team"]
[EventRounds "6"]
[EventCountry "GER"]
[SourceTitle "EXT 2006"]
[Source "ChessBase"]
[SourceDate "2005.11.24"]
[SourceVersion "1"]
[SourceVersionDate "2005.11.24"]
[SourceQuality "1"]

1. e4 e5 2. Nf3 Nc6 3. d4 exd4 4. Nxd4 Bc5 5. Be3 Qf6 6. c3 d6 7. Be2 Qg6 8. Nd2 Qxg2 9. Bf3 Qg6 10. Qe2 Nf6 11. 0-0-0 h6 12. Rhg1 Qh7 13. Nxc6 bxc6 14. Bxc5 dxc5 15. e5 Nd5 16. Qe4 Bf5 17. Qa4 0-0 18. Be4 Rae8 19. Rg4 h5 20. Rh4 Rxe5 21. Rg1 Qh6 22. Bxd5 Rxd5 23. Qf4 Qxf4 24. Rxf4 Bg6 25. Nc4 Re8 26. Na5 Re6 27. b3 Re2 28. Nxc6 Rd7 29. Rh4 Rdd2 30. Rf1 Rxa2 31. Kd1 Bd3 32. Rh3 Ra1# 0-1

[Event "NRW-ch U14 Girls"]
[Site "Wolfsburg"]
[Date "2004.04.12"]
[Round "1"]
[White "Suarez, Daniela"]
[Black "Karmann, Anna"]
[Result "0-1"]
[WhiteElo "1187"]
[BlackElo "1428"]
[PlyCount "96"]
[EventDate "2004.04.??"]
[EventType "swiss"]
[EventRounds "7"]
[EventCountry "GER"]
[SourceTitle "EXT 2005"]
[Source "ChessBase"]
[SourceDate "2004.11.15"]
[SourceVersion "1"]
[SourceVersionDate "2004.11.15"]
[SourceQuality "1"]

1. e4 e5 2. Nf3 Nc6 3. Bc4 Bc5 4. Nc3 d6 5. d3 Nf6 6. Bg5 h6 7. Be3 Bb6 8. Qe2 Be6 9. Bb3 Qe7 10. h3 0-0-0 11. Bxb6 axb6 12. 0-0 g5 13. g4 Rdg8 14. Nd5 Bxd5 15. exd5 Nb8 16. Qd2 Nfd7 17. Kh1 h5 18. Nh2 hxg4 19. hxg4 Rh3 20. f3 Rgh8 21. Rf2 Qf6 22. Rg1 Rxf3 23. Rgg2 Rxf2 24. Rxf2 Qg6 25. Ba4 Nc5 26. Bb5 c6 27. dxc6 bxc6 28. Bc4 d5 29. Bb3 e4 30. Qe2 exd3 31. cxd3 Qxd3 32. Qe5 Qe4+ 33. Qxe4 Nxe4 34. Rxf7 Nd7 35. Rg7 Ndc5 36. Bc2 Rf8 37. b4 Ne6 38. Rg6 Kd7 39. Bb3 Nd2 40. b5 Re8 41. bxc6+ Kxc6 42. Ba4+ b5 43. Bc2 Kc5 44. a4 Nf4 45. Rxg5 Re1+ 46. Nf1 Rxf1+ 47. Kh2 Nf3+ 48. Kg3 Nxg5 0-1